Răng hàm giả thực hành, chăm sóc sức khỏe răng miệng
שמור ב:
| מחבר ראשי: | |
|---|---|
| פורמט: | ספר |
| שפה: | Undetermined |
| יצא לאור: |
Đồng Tháp
Nxb.Tổng hợp Đồng Tháp
1994
|
| נושאים: | |
| תגים: |
הוספת תג
אין תגיות, היה/י הראשונ/ה לתייג את הרשומה!
|
| Thư viện lưu trữ: | Trung tâm Học liệu Trường Đại học Cần Thơ |
|---|
| LEADER | 00599nam a2200181Ia 4500 | ||
|---|---|---|---|
| 001 | CTU_7360 | ||
| 008 | 210402s9999 xx 000 0 und d | ||
| 082 | |a 614.5996 | ||
| 082 | |b Gi100 | ||
| 100 | |a Trần Văn Gia | ||
| 245 | 0 | |a Răng hàm giả thực hành, chăm sóc sức khỏe răng miệng | |
| 245 | 0 | |c Trần Văn Gia | |
| 260 | |a Đồng Tháp | ||
| 260 | |b Nxb.Tổng hợp Đồng Tháp | ||
| 260 | |c 1994 | ||
| 650 | |a dentistry,health education | ||
| 904 | |i Nguyễn Quang Điền, 960601 | ||
| 980 | |a Trung tâm Học liệu Trường Đại học Cần Thơ | ||